| 000 | 00724nam a2200241 i 4500 | ||
|---|---|---|---|
| 001 | 98359 | ||
| 003 | ES-MaACL | ||
| 005 | 20250902185940.0 | ||
| 007 | t| | ||
| 008 | 050728s1974 sp ||||1| spa d | ||
| 020 | _a84-253-0501-2 | ||
| 080 | _a32(729.1)"1959/.."(042) | ||
| 100 | 1 |
_aMartí, José, _d1853-1895 _977189 |
|
| 245 | 1 | 0 |
_aDe Martí a Castro / _cJosé Martí y Fidel Castro. |
| 260 |
_aBarcelona : _bGrijalbo, _c1974. |
||
| 300 |
_a157 p. ; _c18 cm. |
||
| 490 | 1 |
_aColeccion 70 ; _v71 |
|
| 651 | 4 |
_aCuba- _xPolítica y gobierno- _y1959- _9165118 |
|
| 700 | 1 |
_aCastro, Fidel, _d1927-2016 _936855 |
|
| 830 | 1 |
_aColeccion 70 ; _v71 _9182684 |
|
| 852 |
_aES-MaACL _jE-7158 |
||
| 999 |
_c98359 _d98359 |
||